000 00879cam a2200289 i 4500
001 30037
003 Mx-PuUPA
005 20250324102930.0
008 140415s2006 nyu dr 000 1 eng d
020 _a9780307346612
040 _cMx-PuUPA
_aMx-PuUPA
_bspa
_dMx-PuUPA
_erda
041 0 _aeng
100 1 _aBrooks, Max,
_d1972-
_916891
_eautor
245 1 0 _aWorld war Z :
_ban oral history of the zombie war /
_cMax Brooks
250 _a1st edition
264 1 _aNew York :
_bBrodway Books,
_c2007
300 _a342 páginas ;
_c21 cm
336 _2rdacontent
_atexto
_btxt
337 _2rdamedia
_asin medio
_bn
338 _2rdacarrier
_avolumen
_bnc
650 7 _2armarc
_aNovela bélica
650 7 _2armarc
_aHistorias de terror
650 7 _2armarc
_aZombies
_vNovela
942 _2ddc
_cLI
_h813.6
_iB86
999 _c30037
_d30037